DeGarmo's materials and processes in manufacturing / (Record no. 52371)

MARC details
000 -LEADER
fixed length control field 00585nam a2200217Ia 4500
005 - DATE AND TIME OF LATEST TRANSACTION
control field 20260429112113.0
008 - FIXED-LENGTH DATA ELEMENTS--GENERAL INFORMATION
fixed length control field 260429s9999||||xx |||||||||||||| ||und||
020 ## - INTERNATIONAL STANDARD BOOK NUMBER
International Standard Book Number 9781394173051
041 ## - LANGUAGE CODE
Language English
082 ## - DEWEY DECIMAL CLASSIFICATION NUMBER
Classification number 670
Item number KOH
100 ## - MAIN ENTRY--PERSONAL NAME
Personal name Kohser, Ronald A.
245 #0 - TITLE STATEMENT
Title DeGarmo's materials and processes in manufacturing /
Statement of responsibility, etc Ronald A. Kohser
250 ## - EDITION STATEMENT
Edition statement 14th ed.
260 ## - PUBLICATION, DISTRIBUTION, ETC. (IMPRINT)
Place of publication, distribution, etc New Jersey :
Name of publisher, distributor, etc Wiley,
Date of publication, distribution, etc 2025.
300 ## - PHYSICAL DESCRIPTION
Extent xvi, 950 p.; hb
650 ## - SUBJECT ADDED ENTRY--TOPICAL TERM
Topical term or geographic name as entry element Manufacturing
650 ## - SUBJECT ADDED ENTRY--TOPICAL TERM
Topical term or geographic name as entry element Material science
700 ## - ADDED ENTRY--PERSONAL NAME
Personal name Black, J. T.
700 ## - ADDED ENTRY--PERSONAL NAME
Personal name Collins, Peter
942 ## - ADDED ENTRY ELEMENTS (KOHA)
Koha item type Text Books
Holdings
Withdrawn status Lost status Damaged status Not for loan Collection code Home library Location Shelving location Date of Cataloging Source of acquisition Total Checkouts Full call number Barcode Date last seen Price effective from Koha item type
        Non-fiction CUTN Central Library CUTN Central Library Medicine, Technology & Management 29/04/2026 CBS Publishers & Distributors, New Delhi - Invoice No. COR/IN/26/11710 on   670 KOH 57447 29/04/2026 29/04/2026 Text Books